Southville International School and Colleges
Your cart is empty.
  • Cart
  • Lists
    Public lists Eva Luna New books Lux_list list_1
    Your lists Log in to create your own lists
  • Log in to your account
  • Your cookies
  • Search history
Southville International School and Colleges
  • Advanced search
  • Recent comments
  • Most popular
  • Libraries

Log in to your account

Log in with GOOGLE


If you do not have an external account, but do have a local account, you can still log in:

  1. Home
  2. MARC view: Positive psychology :
Normal view MARC view ISBD view

Positive psychology : (Record no. 117540)

[ view plain ]
MARC details
000 -LEADER
fixed length control field 00618nam a2200181Ia 4500
003 - CONTROL NUMBER IDENTIFIER
control field PILC
005 - DATE AND TIME OF LATEST TRANSACTION
control field 20160202105943.0
008 - FIXED-LENGTH DATA ELEMENTS--GENERAL INFORMATION
fixed length control field 140527s9999 xx 000 0 und d
020 ## - INTERNATIONAL STANDARD BOOK NUMBER
International Standard Book Number 9781111834135
050 ## - LIBRARY OF CONGRESS CALL NUMBER
Classification number BF 204.6
Item number .C739 2013
100 ## - MAIN ENTRY--PERSONAL NAME
Personal name Compton, William C.
245 ## - TITLE STATEMENT
Title Positive psychology :
Remainder of title the science of happiness and flourishing /
Statement of responsibility, etc William C. Compton , Edward Hoffman.
260 ## - PUBLICATION, DISTRIBUTION, ETC. (IMPRINT)
Place of publication, distribution, etc Belmont, CA :
Name of publisher, distributor, etc Wadsworth Cengage Learning,
Date of publication, distribution, etc 2013.
300 ## - PHYSICAL DESCRIPTION
Extent 381 pages :
Other physical details illustrations ;
Dimensions 23 cm.
500 ## - GENERAL NOTE
General note Includes bibliographical references and index.
942 ## - ADDED ENTRY ELEMENTS (KOHA)
Call number prefix Foreign
Koha item type Books
Source of classification or shelving scheme Library of Congress Classification
Holdings
Withdrawn status Lost status Damaged status Home library Current library Shelving location Date acquired Cost, normal purchase price Total Checkouts Total Renewals Full call number Barcode Date last seen Date checked out Price effective from Koha item type
      College Library College Library Reserve Section 05/28/2014 3210.00 9 34 BF 204.6 .C739 2013 C18148 06/07/2021 05/21/2021 05/28/2014 Books

Positive psychology :

APA

Compton W. C., . (2013). Positive psychology. Belmont, CA: Wadsworth Cengage Learning.

Chicago

Compton William C, . 2013. Positive psychology. Belmont, CA: Wadsworth Cengage Learning.

Harvard

Compton W. C., . (2013). Positive psychology. Belmont, CA: Wadsworth Cengage Learning.

MLA

Compton William C, . Positive psychology. Belmont, CA: Wadsworth Cengage Learning. 2013.

  • Place hold
  • Print
  • Cite
  • Add to your cart (remove)
  • Save record
    BIBTEX Dublin Core MARCXML MARC (non-Unicode/MARC-8) MARC (Unicode/UTF-8) MARC (Unicode/UTF-8, Standard) MODS (XML) RIS
  • More searches
    Search for this title in:
    Other Libraries (WorldCat) Other Databases (Google Scholar) Online Stores (Bookfinder.com) Open Library (openlibrary.org)

Exporting to Dublin Core...

SOUTHVILLE LIBRARY

Southville International School and Colleges Library

1281 Tropical Ave. Cor. Luxembourg St., BF Homes International, Las Pinas City

Tel. No. 8256374 / 252358 Loc. 117/146

Powered by Koha